000 00547cam a22002291 4500
001 ne 63000422
003 DLC
005 20260227111742.0
008 890627s1962 xx a 000 0 ara
010 _ane 63000422
035 _a(OCoLC)23523226
040 _aDLC
_cMiU
_dDLC
042 _apremarc
043 _af-ua---
050 0 0 _aR135
_b.R5
100 1 _aRiad, Naguib.
245 1 3 _aal-Ṭibb al-Miṣrī al-qadīm.
260 _c[1962?]
300 _a159 p.
_billus.
_c20 cm.
500 _aRomanized.
650 0 _aMedicine, Egyptian
999 _c45628
_d45628